[Event "13.Città di Padova Open A"]
[Site "Padova Ex Fornace Carotta"]
[Date "2010.12.14"]
[Round "4.8"]
[White "Manca, Federico"]
[Black "Zuttioni, Federico"]
[Result "1-0"]
[WhiteElo "2405"]
[BlackElo "1968"]
[Annotator "Gabriele Ballarin"]
[PlyCount "114"]
[EventDate "2010.12.12"]
[EventType "swiss"]
[EventRounds "9"]
[EventCountry "ITA"]

1. e4 e5 2. Nf3 Nc6 3. Bb5 Bc5 4. O-O Nd4 5. Nxd4 Bxd4 6. c3 Bb6 7. d4 c6 8. Bc4 d6 9. a4 Nf6 10. dxe5 dxe5 11. Qxd8+ Bxd8 12. a5 Nxe4 13. Re1 Bf5 14. Bd3 Nd6 15. Bxf5 Nxf5 16. Rxe5+ Ne7 17. Nd2 O-O 18. Nf3 Nd5 19. Bd2 Bf6 20. Re4 Rfe8 21. Rae1 Nc7 22. Kf1 b6 23. Rxe8+ Rxe8 24. Rxe8+ Nxe8 25. axb6 axb6 26. Be3 c5 27. Nd2 Kf8 28. Nc4 Bd8 29. Ke2 Ke7 30. Kd3 Ke6 31. Na3 Bf6 32. b4 cxb4 33. cxb4 Be7 34. Kc4 Nd6+ 35. Kc3 Bd8 36. Bf4 f6 37. Bxd6 Kxd6 38. Kc4 Be7 39. Kb5 Kd5 40. Nc4 f5 41. Nxb6+ Kd4 42. Na4 g5 43. Nc5 h5 44. Kc6 h4 45. Kd7 Bf6 46. Ke6 Be5 47. Nb3+ Ke4 48. Nd2+ Kf4 49. g3+ Kg4 50. Kxe5 Kh3 51. b5 f4 52. b6 Kg2 53. b7 h3 54. b8=Q f3 55. g4 Kh1 56. Nxf3 Kg2 57. Ke4 Kxf2 1-0

[Event "13.Città di Padova Open A"]
[Site "Padova Ex Fornace Carotta"]
[Date "2010.12.14"]
[Round "4.9"]
[White "Litrico, Paolo"]
[Black "Voiska, Margarita"]
[Result "0-1"]
[WhiteElo "1946"]
[BlackElo "2203"]
[Annotator "Gabriele Ballarin"]
[PlyCount "98"]
[EventDate "2010.12.12"]
[EventType "swiss"]
[EventRounds "9"]
[EventCountry "ITA"]

1. d4 d6 2. Nf3 Bg4 3. e4 g6 4. Nc3 Bg7 5. Be2 Nc6 6. Be3 Nf6 7. Qd2 O-O 8. O-O-O Re8 9. Bh6 Bh8 10. Ng5 Bxe2 11. Qxe2 e5 12. dxe5 Nxe5 13. h3 Nh5 14. g4 Bg7 15. gxh5 Bxh6 16. f4 Bxg5 17. fxg5 Qxg5+ 18. Kb1 c6 19. hxg6 hxg6 20. Rxd6 Rad8 21. Rhd1 Rxd6 22. Rxd6 Qg3 23. Qf1 b5 24. a3 a5 25. Qh1 b4 26. axb4 axb4 27. Ne2 Qe3 28. Nc1 Nc4 29. Rd3 Nd2+ 30. Rxd2 Qxd2 31. h4 Re5 32. Qf3 Qe1 33. Qf6 Qxe4 34. b3 Rf5 35. Qd8+ Kg7 36. Nd3 Rd5 37. Qb6 Rxd3 38. cxd3 Qxd3+ 39. Ka2 Qc2+ 40. Ka1 Qc1+ 41. Ka2 Qa3+ 42. Kb1 Qxb3+ 43. Kc1 Qc3+ 44. Kd1 b3 45. h5 b2 46. h6+ Kh7 47. Ke2 Qc2+ 48. Kf3 b1=Q 49. Qd4 Qd3+ 0-1

[Event "13.Città di Padova Open A"]
[Site "Padova Ex Fornace Carotta"]
[Date "2010.12.14"]
[Round "4.11"]
[White "Binder, Andrea"]
[Black "Gastiaburo, Hernan"]
[Result "0-1"]
[WhiteElo "1898"]
[BlackElo "2205"]
[Annotator "Gabriele Ballarin"]
[PlyCount "64"]
[EventDate "2010.12.12"]
[EventType "swiss"]
[EventRounds "9"]
[EventCountry "ITA"]

1. Nf3 c5 2. g3 Nc6 3. Bg2 g6 4. O-O Bg7 5. d3 e6 6. e4 Nge7 7. c3 e5 8. Na3 O-O 9. Re1 d6 10. Nc2 f5 11. Bg5 h6 12. Bxe7 Nxe7 13. Ne3 f4 14. Nd5 g5 15. Nd2 g4 16. f3 h5 17. Rf1 Ng6 18. Rb1 Qg5 19. Nc4 h4 20. Qd2 gxf3 21. Rxf3 Bg4 22. Rf2 Bh6 23. Rbf1 hxg3 24. hxg3 Qh5 25. Bh1 fxg3 26. Rxf8+ Rxf8 27. Rxf8+ Kxf8 28. Qg2 Nf4 29. Nxf4 exf4 30. Nd2 f3 31. Nxf3 Be3+ 32. Kf1 Bh3 0-1

[Event "13.Città di Padova Open A"]
[Site "Padova Ex Fornace Carotta"]
[Date "2010.12.14"]
[Round "4.12"]
[White "Valenti, Giuseppe"]
[Black "Milazzo, Mario"]
[Result "0-1"]
[WhiteElo "2122"]
[BlackElo "2069"]
[Annotator "Gabriele Ballarin"]
[PlyCount "51"]
[EventDate "2010.12.12"]
[EventType "swiss"]
[EventRounds "9"]
[EventCountry "ITA"]

1. e4 e5 2. Nf3 Nc6 3. Bb5 a6 4. Ba4 Nf6 5. d3 d6 6. c3 b5 7. Bc2 Be7 8. Nbd2 O-O 9. O-O Re8 10. Re1 Bf8 11. h3 Ne7 12. Nf1 Ng6 13. a4 Bb7 14. Bb3 d5 15. Ng3 c5 16. axb5 axb5 17. Rxa8 Bxa8 18. Qe2 c4 19. dxc4 dxc4 20. Bc2 Qc7 21. Bg5 Nd7 22. Nf5 f6 23. Bc1 Rd8 24. b4 Nb6 25. Rd1 Rxd1+ 26. Bxd1 0-1

[Event "13.Città di Padova Open A"]
[Site "Padova Ex Fornace Carotta"]
[Date "2010.12.14"]
[Round "4.13"]
[White "Gallo, Enrico"]
[Black "Giuriato, Sergio"]
[Result "1/2-1/2"]
[WhiteElo "2093"]
[BlackElo "1934"]
[Annotator "Gabriele Ballarin"]
[PlyCount "71"]
[EventDate "2010.12.12"]
[EventType "swiss"]
[EventRounds "9"]
[EventCountry "ITA"]

1. e4 Nc6 2. Nf3 e5 3. Bb5 a6 4. Ba4 Nf6 5. O-O Be7 6. Re1 b5 7. Bb3 O-O 8. a4 Rb8 9. axb5 axb5 10. d3 d6 11. h3 Be6 12. Bxe6 fxe6 13. c3 b4 14. Bg5 bxc3 15. bxc3 Nd7 16. Bxe7 Qxe7 17. Nbd2 Nd8 18. Ra7 Nc5 19. Nc4 Nc6 20. Ra3 Ra8 21. Rxa8 Rxa8 22. d4 exd4 23. cxd4 Nd7 24. Ne3 Nd8 25. d5 e5 26. Nf5 Qf8 27. Qc1 Nc5 28. Qg5 Kh8 29. N3h4 Qf6 30. Qg4 Nf7 31. Nf3 g6 32. N5h4 Nh6 33. Qg5 Kg7 34. Qe3 Nf7 35. g3 Ra4 36. Nd2 1/2-1/2

[Event "13.Città di Padova Open A"]
[Site "Padova Ex Fornace Carotta"]
[Date "2010.12.14"]
[Round "4.14"]
[White "De Santis, Alessio"]
[Black "Zordan, Antonio"]
[Result "1-0"]
[WhiteElo "2293"]
[BlackElo "1778"]
[Annotator "Gabriele Ballarin"]
[PlyCount "77"]
[EventDate "2010.12.12"]
[EventType "swiss"]
[EventRounds "9"]
[EventCountry "ITA"]

1. b3 d5 2. Bb2 c5 3. e3 Nc6 4. f4 Bf5 5. Nf3 f6 6. Nh4 Bg6 7. Nxg6 hxg6 8. Qg4 Kf7 9. Nc3 e6 10. O-O-O f5 11. Qf3 Nf6 12. h3 Be7 13. g4 Qa5 14. Kb1 a6 15. Rg1 d4 16. gxf5 gxf5 17. Qg2 Bf8 18. exd4 cxd4 19. Ne2 Rd8 20. Nc1 Qc7 21. Qg6+ Kg8 22. Qxf6 Qd7 23. Bc4 Re8 24. Rde1 Nd8 25. Qxd4 Qxd4 26. Bxd4 Rxh3 27. Bb6 Rh2 28. Bxd8 Rxd8 29. Bxe6+ Kh8 30. Nd3 g5 31. Rxg5 Ba3 32. Bxf5 Rf8 33. Ne5 Rf6 34. Ng4 Rxf5 35. Rxf5 Rxd2 36. Rg5 Rd7 37. Nf6 Rg7 38. Rh1+ Rh7 39. Rg8# 1-0

[Event "13.Città di Padova Open A"]
[Site "Padova Ex Fornace Carotta"]
[Date "2010.12.14"]
[Round "4.15"]
[White "Isatto, Davide"]
[Black "Traversi, Carlo"]
[Result "1-0"]
[WhiteElo "1931"]
[BlackElo "1652"]
[Annotator "Gabriele Ballarin"]
[PlyCount "109"]
[EventDate "2010.12.12"]
[EventType "swiss"]
[EventRounds "9"]
[EventCountry "ITA"]

1. d4 Nf6 2. c4 g6 3. Nc3 d5 4. cxd5 Nxd5 5. e4 Nxc3 6. bxc3 Bg7 7. Bc4 O-O 8. Ne2 c6 9. Be3 Nd7 10. O-O Nb6 11. Bb3 e5 12. Rc1 exd4 13. cxd4 Re8 14. f3 Be6 15. Bxe6 Rxe6 16. Qb3 Re8 17. Rfd1 Qe7 18. Rd3 Rad8 19. a4 Qe6 20. a5 Nc8 21. Qxb7 Qa2 22. Rd2 Qxa5 23. Qxc6 Ne7 24. Qc3 Qa6 25. Ra1 Qb7 26. Rb2 Qd7 27. Ra6 Rc8 28. Qa3 Nc6 29. Rd2 Bf8 30. Qa4 Qb7 31. d5 Qb1+ 32. Rd1 Qb2 33. Rd2 Qb1+ 34. Rd1 Qb2 35. Qa2 Qxa2 36. Rxa2 Nb4 37. Rxa7 Rc2 38. Kf1 Bd6 39. Rc1 Rxc1+ 40. Bxc1 Kg7 41. Be3 Rc8 42. Bd4+ Kf8 43. e5 Bc5 44. Bxc5+ Rxc5 45. Ra8+ Kg7 46. d6 Rxe5 47. d7 Nc6 48. d8=Q Nxd8 49. Rxd8 g5 50. g4 f5 51. Rd7+ Kg6 52. Rd6+ Kf7 53. gxf5 Rxf5 54. Kg2 h5 55. Ng3 1-0

[Event "13.Città di Padova Open A"]
[Site "Padova Ex Fornace Carotta"]
[Date "2010.12.14"]
[Round "4.16"]
[White "Bondielli, Giorgio"]
[Black "Antoniacci, Ricardo"]
[Result "1/2-1/2"]
[WhiteElo "1872"]
[BlackElo "1973"]
[Annotator "Gabriele Ballarin"]
[PlyCount "30"]
[EventDate "2010.12.12"]
[EventType "swiss"]
[EventRounds "9"]
[EventCountry "ITA"]

1. e4 e5 2. Nf3 Nc6 3. d4 exd4 4. Bc4 Nf6 5. O-O Nxe4 6. Re1 d5 7. Bxd5 Qxd5 8. Nc3 Qa5 9. Nxe4 Be6 10. Neg5 O-O-O 11. Nxe6 fxe6 12. Rxe6 Bd6 13. Bg5 Rde8 14. Qe1 Qxe1+ 15. Raxe1 Kd7 1/2-1/2

[Event "13.Città di Padova Open A"]
[Site "Padova Ex Fornace Carotta"]
[Date "2010.12.14"]
[Round "4.18"]
[White "Militello, Michele"]
[Black "Di Lazzaro, Gabriele"]
[Result "1/2-1/2"]
[WhiteElo "1817"]
[BlackElo "1901"]
[Annotator "Gabriele Ballarin"]
[PlyCount "87"]
[EventDate "2010.12.12"]
[EventType "swiss"]
[EventRounds "9"]
[EventCountry "ITA"]

1. d4 Nf6 2. Nf3 c5 3. e3 e6 4. Bd3 d5 5. b3 Nc6 6. Nbd2 Nb4 7. Be2 Bd6 8. a3 Nc6 9. Bb2 cxd4 10. exd4 O-O 11. Bd3 Re8 12. Ne5 Qc7 13. Qe2 h6 14. O-O a6 15. f4 b5 16. Rf3 Qb6 17. Nxc6 Qxc6 18. Rf2 Bb7 19. Re1 Qc7 20. g3 b4 21. a4 a5 22. Rc1 Qb6 23. Rff1 Ba6 24. Nf3 Bxd3 25. cxd3 Nd7 26. Kg2 f6 27. Rc2 Rad8 28. Rfc1 Nb8 29. Re1 Qb7 30. Qd1 Rc8 31. Ree2 Rxc2 32. Rxc2 Rc8 33. Re2 Qd7 34. Qd2 Nc6 35. Qe3 Kf7 36. h4 Ne7 37. Qf2 Ng8 38. Ne5+ Bxe5 39. fxe5 f5 40. Rc2 g6 41. Rc5 Ra8 42. Qc2 Ra7 43. Bc1 Kg7 44. Be3 1/2-1/2

[Event "13.Città di Padova Open A"]
[Site "Padova Ex Fornace Carotta"]
[Date "2010.12.14"]
[Round "4.19"]
[White "Zanini, Andrea"]
[Black "Belloni, Umberto"]
[Result "0-1"]
[WhiteElo "1687"]
[BlackElo "1866"]
[Annotator "Gabriele Ballarin"]
[PlyCount "64"]
[EventDate "2010.12.12"]
[EventType "swiss"]
[EventRounds "9"]
[EventCountry "ITA"]

1. Nf3 d5 2. d4 c6 3. e3 Bg4 4. h3 Bh5 5. b3 e6 6. Nbd2 Nd7 7. Bb2 Bd6 8. c4 Rc8 9. Be2 f5 10. c5 Be7 11. O-O Bf7 12. b4 a6 13. Re1 h5 14. Ne5 Nxe5 15. dxe5 g5 16. g4 fxg4 17. hxg4 hxg4 18. Bxg4 Rh4 19. a3 Nh6 20. Be2 g4 21. Kg2 Bh5 22. Rh1 Rc7 23. f3 gxf3+ 24. Bxf3 Bxf3+ 25. Nxf3 Rg4+ 26. Kf1 Nf5 27. Rh8+ Bf8 28. Bc1 Ng3+ 29. Ke1 Rf7 30. Kd2 Rgf4 31. Nd4 Ne4+ 32. Kd3 Nf2+ 0-1

[Event "13.Città di Padova Open A"]
[Site "Padova Ex Fornace Carotta"]
[Date "2010.12.14"]
[Round "4.20"]
[White "Rizzo, Giuseppe"]
[Black "Bozzao, Francesco"]
[Result "1/2-1/2"]
[WhiteElo "1671"]
[BlackElo "1881"]
[Annotator "Gabriele Ballarin"]
[PlyCount "73"]
[EventDate "2010.12.12"]
[EventType "swiss"]
[EventRounds "9"]
[EventCountry "ITA"]

1. d4 Nf6 2. Nf3 e6 3. Bf4 Be7 4. Nbd2 d6 5. e4 Nbd7 6. Bd3 Nh5 7. Be3 Nhf6 8. Qe2 c6 9. c4 Qc7 10. O-O e5 11. b4 O-O 12. h3 Re8 13. d5 c5 14. b5 Bf8 15. Nh2 g6 16. f4 exf4 17. Bxf4 Bg7 18. Rae1 a6 19. a4 axb5 20. axb5 Nh5 21. Be3 Ng3 22. Qf3 Nxf1 23. Rxf1 Ne5 24. Qe2 Ra3 25. Bb1 Qa5 26. Nhf3 Nxf3+ 27. Rxf3 Rxe3 28. Rxe3 Bd4 29. Nb3 Bxe3+ 30. Qxe3 Qb4 31. Nd2 f5 32. Qf4 fxe4 33. Bxe4 Bf5 34. Bxf5 gxf5 35. Qg5+ Kh8 36. Qf6+ Kg8 37. Qg5+ 1/2-1/2

[Event "13.Città di Padova Open A"]
[Site "Padova Ex Fornace Carotta"]
[Date "2010.12.15"]
[Round "5.1"]
[White "Naumkin, Igor"]
[Black "Zaja, Ivan"]
[Result "1/2-1/2"]
[WhiteElo "2506"]
[BlackElo "2489"]
[Annotator "Gabriele Ballarin"]
[PlyCount "88"]
[EventDate "2010.12.12"]
[EventType "swiss"]
[EventRounds "9"]
[EventCountry "ITA"]

1. d4 Nf6 2. c4 e6 3. Nf3 b6 4. g3 Bb7 5. Bg2 Be7 6. Nc3 Ne4 7. Bd2 f5 8. d5 O-O 9. Qc2 Nxd2 10. Nxd2 c6 11. O-O Na6 12. Rad1 Qc7 13. e4 f4 14. e5 Qxe5 15. Rfe1 Qh5 16. dxe6 fxg3 17. fxg3 dxe6 18. Kh1 Rad8 19. Nde4 e5 20. a3 Nc5 21. Nxc5 Bxc5 22. Ne4 Rxd1 23. Rxd1 Bd4 24. c5 Ba6 25. Rc1 bxc5 26. Nxc5 Bc8 27. Ne4 Bh3 28. Qc4+ Kh8 29. Rf1 Rxf1+ 30. Qxf1 Be6 31. Qf8+ Bg8 32. b4 Qd1+ 33. Bf1 Qe1 34. Nd6 Qf2 35. Qxf2 Bxf2 36. Kg2 Be3 37. Bc4 Bc1 38. Bxg8 Kxg8 39. Nc4 e4 40. a4 Kf8 41. Ne5 c5 42. b5 Ke7 43. a5 Kd6 44. Nc4+ Kc7 1/2-1/2

[Event "13.Città di Padova Open A"]
[Site "Padova Ex Fornace Carotta"]
[Date "2010.12.15"]
[Round "5.2"]
[White "Lazic, Miroljub"]
[Black "Schaefer, Michael"]
[Result "1-0"]
[WhiteElo "2480"]
[BlackElo "2232"]
[Annotator "Gabriele Ballarin"]
[PlyCount "119"]
[EventDate "2010.12.12"]
[EventType "swiss"]
[EventRounds "9"]
[EventCountry "ITA"]

1. g3 g6 2. Bg2 Bg7 3. d4 d5 4. Nf3 Nf6 5. c4 dxc4 6. Qa4+ Nfd7 7. Qxc4 O-O 8. O-O Nc6 9. Rd1 Nb6 10. Qc2 Bg4 11. e3 Qc8 12. Nc3 Rd8 13. Re1 e5 14. Nxe5 Nxe5 15. dxe5 Bxe5 16. e4 Qd7 17. Bg5 Qd3 18. Qc1 Rdc8 19. h3 Be6 20. Rd1 Qc4 21. Qe3 f6 22. Bf4 Bxc3 23. bxc3 g5 24. Bxg5 fxg5 25. Qxg5+ Kf7 26. e5 Rg8 27. Qf6+ Ke8 28. Rd4 Nd7 29. Qh6 Rg6 30. Qxh7 Nf8 31. Qh5 Qxc3 32. Rad1 Bf7 33. Qh4 Ne6 34. Rd7 Qc5 35. R1d6 Qc1+ 36. Rd1 Qg5 37. Qa4 Kf8 38. Bxb7 Rd8 39. Rxd8+ Nxd8 40. Be4 Rh6 41. h4 Qe7 42. Qxa7 Ne6 43. Qe3 Kg7 44. f4 Qc5 45. Kf2 Qa5 46. Rd2 Nc5 47. Bf3 Bh5 48. f5 Bxf3 49. Kxf3 Qa8+ 50. Kg4 Qc6 51. Rd4 Ne6 52. Re4 Rh8 53. fxe6 Qxe6+ 54. Kf3 Rf8+ 55. Rf4 Qd5+ 56. Qe4 Qd1+ 57. Kg2 Rd8 58. e6 Rd2+ 59. Kh3 Re2 60. Rf7+ 1-0

[Event "13.Città di Padova Open A"]
[Site "Padova Ex Fornace Carotta"]
[Date "2010.12.15"]
[Round "5.3"]
[White "Rogulj, Branko"]
[Black "Genocchio, Daniele"]
[Result "0-1"]
[WhiteElo "2403"]
[BlackElo "2433"]
[Annotator "Gabriele Ballarin"]
[PlyCount "80"]
[EventDate "2010.12.12"]
[EventType "swiss"]
[EventRounds "9"]
[EventCountry "ITA"]

1. e4 c6 2. d4 d5 3. exd5 cxd5 4. c4 Nf6 5. Nc3 Be6 6. Bg5 Nc6 7. a3 g6 8. Bxf6 exf6 9. Be2 Bg7 10. Bf3 Ne7 11. c5 O-O 12. Nge2 f5 13. O-O g5 14. g3 f4 15. Bg2 Nf5 16. Qd3 Qd7 17. Rad1 Rad8 18. b4 Qe7 19. Rfe1 Qf6 20. b5 Kh8 21. a4 h5 22. a5 Ne7 23. Nc1 g4 24. gxf4 Ng6 25. N1e2 Bh6 26. c6 bxc6 27. bxc6 Nxf4 28. Nxf4 Bxf4 29. a6 Qh4 30. Kf1 Qxh2 31. Ne2 Bc7 32. Qe3 Kh7 33. Ng3 Bc8 34. Qd3+ Kh8 35. Re7 Bd6 36. Qe3 Bxa6+ 37. Ne2 Bxe7 38. Qxe7 Qd6 39. Qe5+ Qxe5 40. dxe5 Rfe8 0-1

[Event "13.Città di Padova Open A"]
[Site "Padova Ex Fornace Carotta"]
[Date "2010.12.15"]
[Round "5.4"]
[White "Solomon, Kenny"]
[Black "Boscolo, Federico Meneguolo"]
[Result "1-0"]
[WhiteElo "2215"]
[BlackElo "2179"]
[Annotator "Gabriele Ballarin"]
[PlyCount "119"]
[EventDate "2010.12.12"]
[EventType "swiss"]
[EventRounds "9"]
[EventCountry "ITA"]

1. d4 Nf6 2. c4 g6 3. Nc3 Bg7 4. e4 d6 5. Nf3 O-O 6. Be2 e5 7. Be3 exd4 8. Nxd4 Re8 9. f3 c6 10. Bf2 Bh6 11. Nc2 Na6 12. Bh4 Nc5 13. O-O Qe7 14. Re1 Ne6 15. Bf1 Bg5 16. Bxg5 Nxg5 17. Qd2 Ne6 18. Rad1 Rd8 19. Nd5 cxd5 20. exd5 Qc7 21. dxe6 Bxe6 22. Nd4 Bd7 23. Kh1 Re8 24. Qg5 Kg7 25. Rc1 Qc5 26. Qd2 Rxe1 27. Rxe1 Re8 28. Rd1 Qe5 29. b3 b6 30. Ne2 d5 31. cxd5 Bb5 32. Ng3 Bxf1 33. Nxf1 Qe2 34. Kg1 Qxd2 35. Rxd2 Kf8 36. Kf2 Ke7 37. Ne3 Kd6 38. Rd4 b5 39. Ke2 Re5 40. f4 Re4 41. Rxe4 Nxe4 42. Kd3 Nf6 43. Kd4 Nh5 44. g3 Nf6 45. a4 a6 46. axb5 axb5 47. g4 Nd7 48. b4 Nb8 49. Nd1 Na6 50. Nc3 Nxb4 51. Nxb5+ Ke7 52. Na3 f6 53. Kc4 Na2 54. Nb5 Kd7 55. Nc3 Nc1 56. Ne4 Ke7 57. d6+ Ke6 58. f5+ Kd7 59. Kd5 Nd3 60. Nxf6+ 1-0

[Event "13.Città di Padova Open A"]
[Site "Padova Ex Fornace Carotta"]
[Date "2010.12.15"]
[Round "5.5"]
[White "Laketic, Gojko"]
[Black "Dragojlovic, Andjelko"]
[Result "1/2-1/2"]
[WhiteElo "2459"]
[BlackElo "2395"]
[Annotator "Gabriele Ballarin"]
[PlyCount "45"]
[EventDate "2010.12.12"]
[EventType "swiss"]
[EventRounds "9"]
[EventCountry "ITA"]

1. d4 Nf6 2. Nf3 g6 3. Bg5 Bg7 4. e3 O-O 5. Be2 b6 6. O-O Bb7 7. Nbd2 d6 8. a4 a5 9. Ne1 c5 10. Bf3 Nc6 11. c3 Qc7 12. Nc2 e5 13. d5 Ne7 14. e4 h6 15. Bxf6 Bxf6 16. Na3 Bg7 17. Nb5 Qd7 18. Nc4 Nc8 19. b4 Ba6 20. bxc5 Bxb5 21. c6 Bxc6 22. dxc6 Qxc6 23. Qb3 1/2-1/2

[Event "13.Città di Padova Open A"]
[Site "Padova Ex Fornace Carotta"]
[Date "2010.12.15"]
[Round "5.6"]
[White "Voiska, Margarita"]
[Black "Collutiis, Duilio"]
[Result "1/2-1/2"]
[WhiteElo "2320"]
[BlackElo "2473"]
[Annotator "Gabriele Ballarin"]
[PlyCount "99"]
[EventDate "2010.12.12"]
[EventType "swiss"]
[EventRounds "9"]
[EventCountry "ITA"]

1. c4 e5 2. g3 c6 3. d4 Bb4+ 4. Bd2 Bxd2+ 5. Qxd2 d6 6. Nc3 Nf6 7. Bg2 Qe7 8. e3 exd4 9. Qxd4 O-O 10. Nge2 Nbd7 11. h3 Nc5 12. Rd1 Rd8 13. e4 Ne6 14. Qd2 h6 15. f4 Nc5 16. Qd4 Re8 17. Qxd6 Qxd6 18. Rxd6 Nfxe4 19. Nxe4 Nxe4 20. Bxe4 Rxe4 21. Rd8+ Kh7 22. b3 Rxe2+ 23. Kxe2 Bg4+ 24. hxg4 Rxd8 25. Rh5 f6 26. Rh1 Kg6 27. Ke3 Rd7 28. Ke4 c5 29. Rh5 Rd4+ 30. Ke3 b6 31. Rh2 f5 32. gxf5+ Kxf5 33. Rh4 Rd1 34. g4+ Kf6 35. Rh2 Rd4 36. Rh5 Rd1 37. Rh2 Kf7 38. Ke4 a5 39. Ke3 Rd4 40. Rc2 Kf6 41. Kf3 Rd3+ 42. Ke4 Rd4+ 43. Kf3 g5 44. f5 h5 45. gxh5 Kxf5 46. Rh2 Rd7 47. h6 Rh7 48. Rh5 Kg6 49. Kg4 Rxh6 50. Rxg5+ 1/2-1/2

[Event "13.Città di Padova Open A"]
[Site "Padova Ex Fornace Carotta"]
[Date "2010.12.15"]
[Round "5.7"]
[White "Santolini, Luigi"]
[Black "Manca, Federico"]
[Result "1/2-1/2"]
[WhiteElo "2235"]
[BlackElo "2405"]
[Annotator "Gabriele Ballarin"]
[PlyCount "168"]
[EventDate "2010.12.12"]
[EventType "swiss"]
[EventRounds "9"]
[EventCountry "ITA"]

1. d4 Nf6 2. c4 e6 3. g3 c5 4. d5 exd5 5. cxd5 d6 6. Nc3 g6 7. Bg2 Bg7 8. Nf3 O-O 9. O-O Re8 10. Nd2 a6 11. a4 Nbd7 12. h3 Rb8 13. Nc4 Ne5 14. Na3 Nh5 15. e4 c4 16. Be3 Nd3 17. Nxc4 Nxb2 18. Nxb2 Bxc3 19. Bd4 Bxd4 20. Qxd4 b5 21. axb5 axb5 22. Nd3 Qb6 23. Qxb6 Rxb6 24. Nb4 Nf6 25. Rfc1 Bb7 26. f3 Re7 27. Bf1 Ne8 28. Ra5 Nc7 29. Ra7 Kf8 30. Nc6 Bxc6 31. Rxc6 Rxc6 32. dxc6 d5 33. e5 d4 34. Rb7 Nd5 35. Rxb5 Nc7 36. Rb7 g5 37. Bd3 h6 38. Kf2 Nd5 39. Be4 Nc7 40. Bf5 Rxe5 41. g4 Re7 42. Rb4 Re5 43. Rxd4 Rd5 44. Ke3 Rxd4 45. Kxd4 Ke7 46. Kc5 Na8 47. Bd7 Nc7 48. Kb6 Kd8 49. Kb7 Nb5 50. Bf5 Nc7 51. Bd3 f6 52. Bc4 Ne8 53. Kb6 Nc7 54. Bf7 Na8+ 55. Kc5 Ke7 56. Bb3 Nc7 57. Bc4 Ne8 58. Kd5 Nc7+ 59. Ke4 Ne8 60. Bb3 Nd6+ 61. Kd4 Ne8 62. Kd5 Nc7+ 63. Ke4 Nb5 64. Kd5 Nc7+ 65. Kc5 Ne8 66. Bc2 Nc7 67. Ba4 Ke6 68. Kb6 Kd6 69. Kb7 Ne6 70. Kc8 Nc7 71. Kd8 Ne6+ 72. Ke8 Nd4 73. Kf7 Nxf3 74. Kxf6 Ng1 75. Kg6 Nxh3 76. Kxh6 Kc7 77. Kg6 Kd6 78. Kf5 Kc7 79. Bb5 Nf2 80. Kxg5 Ne4+ 81. Kh6 Nc3 82. g5 Nxb5 83. g6 Nd6 84. Kg7 Kxc6 1/2-1/2

[Event "13.Città di Padova Open A"]
[Site "Padova Ex Fornace Carotta"]
[Date "2010.12.15"]
[Round "5.8"]
[White "Gastiaburo, Hernan"]
[Black "Kizov, Atanas"]
[Result "1/2-1/2"]
[WhiteElo "2205"]
[BlackElo "2374"]
[Annotator "Gabriele Ballarin"]
[PlyCount "111"]
[EventDate "2010.12.12"]
[EventType "swiss"]
[EventRounds "9"]
[EventCountry "ITA"]

1. c4 Nf6 2. Nc3 g6 3. e4 d6 4. g3 Bg7 5. Bg2 O-O 6. Nge2 c5 7. O-O Nc6 8. d3 Ne8 9. Be3 Nd4 10. Qd2 Nc7 11. Bh6 e5 12. Bxg7 Kxg7 13. f4 f6 14. Rf2 Bg4 15. Nxd4 cxd4 16. Nd5 Nxd5 17. cxd5 Bd7 18. Rc1 Qb6 19. Qd1 Rac8 20. Rfc2 Rxc2 21. Rxc2 Rc8 22. Rxc8 Bxc8 23. Qc2 Bd7 24. Bf3 Qa5 25. Kf2 Kf8 26. a3 Ke7 27. Bd1 Qd8 28. Qc1 Qc8 29. Qxc8 Bxc8 30. h4 Bd7 31. b3 Bb5 32. Bc2 a5 33. Kf3 Bd7 34. g4 exf4 35. Kxf4 h6 36. g5 hxg5+ 37. hxg5 Bh3 38. Kg3 Bf1 39. Kf2 Bh3 40. Kg3 Bd7 41. Kf4 Bb5 42. Bb1 Kf7 43. Bc2 b6 44. Bb1 Bd7 45. Bc2 fxg5+ 46. Kxg5 Bh3 47. Kh4 Bf1 48. Kg3 Kf6 49. Kf2 Bh3 50. Kg3 Bd7 51. Bd1 Kg5 52. Be2 Bb5 53. Bf1 Bd7 54. Be2 Bc8 55. Bd1 Bd7 56. Be2 1/2-1/2

[Event "13.Città di Padova Open A"]
[Site "Padova Ex Fornace Carotta"]
[Date "2010.12.15"]
[Round "5.9"]
[White "Milazzo, Mario"]
[Black "De Santis, Alessio"]
[Result "1/2-1/2"]
[WhiteElo "2069"]
[BlackElo "2293"]
[Annotator "Gabriele Ballarin"]
[PlyCount "190"]
[EventDate "2010.12.12"]
[EventType "swiss"]
[EventRounds "9"]
[EventCountry "ITA"]

1. Nf3 g6 2. g3 Bg7 3. Bg2 e5 4. d3 d5 5. O-O Ne7 6. e4 d4 7. c3 Nbc6 8. Na3 O-O 9. Nc2 Bg4 10. h3 Bxf3 11. Bxf3 dxc3 12. bxc3 Qd7 13. Qe2 Rad8 14. Rb1 Qxd3 15. Rxb7 Qxc3 16. Rxc7 Rc8 17. Rb7 Rb8 18. Rxb8 Rxb8 19. Ba3 Nd4 20. Nxd4 Qxa3 21. Nb3 a5 22. Bg2 a4 23. Qa6 Qxa2 24. Nc5 a3 25. Qd6 Qb2 26. Nd3 Qb3 27. Nc5 Qb6 28. Qxb6 Rxb6 29. Ra1 Rb5 30. Na4 Rb3 31. Nc5 Rc3 32. Na4 Rb3 33. Nc5 Rb5 34. Na4 Ra5 35. Rxa3 Bf8 36. Ra2 Nc6 37. Nc3 Rc5 38. Nd5 Rc1+ 39. Kh2 Bc5 40. h4 h5 41. Nf6+ Kg7 42. Nd5 Nd4 43. Rb2 Nc2 44. f4 Bd4 45. Ra2 Ne1 46. Bh1 Nd3 47. Bf3 Bg1+ 48. Kg2 Bd4 49. Kh2 Rf1 50. Kg2 Rb1 51. Kh2 Rb3 52. Bd1 Rb7 53. Rd2 Nf2 54. fxe5 Nxd1 55. Rxd4 Nf2 56. Kg2 Ng4 57. Rb4 Ra7 58. e6 fxe6 59. Nf4 Ra2+ 60. Kg1 Ra6 61. Kg2 Kf6 62. Nd3 Ne5 63. Nf4 Ra2+ 64. Kf1 Ra6 65. Rb3 Rc6 66. Ke2 Rc4 67. Ke3 Ng4+ 68. Kd3 Ne5+ 69. Ke3 Ra4 70. Rc3 Ng4+ 71. Kf3 Ra2 72. Nd3 Rd2 73. Ra3 Rc2 74. Rb3 Rh2 75. Rb5 Rd2 76. Rb3 g5 77. hxg5+ Kxg5 78. Rb5+ e5 79. Rb3 Rc2 80. Rb2 Nh2+ 81. Ke3 Nf1+ 82. Kf3 Nd2+ 83. Kg2 Rxb2 84. Nxb2 Nxe4 85. Nc4 Kf5 86. Ne3+ Ke6 87. g4 Nf6 88. gxh5 Nxh5 89. Kf3 Nf6 90. Nc4 e4+ 91. Ke3 Kd5 92. Nd2 Ng4+ 93. Kf4 e3 94. Nf3 e2 95. Kxg4 Ke4 1/2-1/2

[Event "13.Città di Padova Open A"]
[Site "Padova Ex Fornace Carotta"]
[Date "2010.12.15"]
[Round "5.10"]
[White "Mrdja, Milan"]
[Black "Teodonio, Fabrizio"]
[Result "1-0"]
[WhiteElo "2418"]
[BlackElo "2002"]
[Annotator "Gabriele Ballarin"]
[PlyCount "93"]
[EventDate "2010.12.12"]
[EventType "swiss"]
[EventRounds "9"]
[EventCountry "ITA"]

1. e4 c5 2. Nf3 Nc6 3. Nc3 g6 4. d4 cxd4 5. Nxd4 Bg7 6. Be3 Nf6 7. Nb3 d6 8. Be2 O-O 9. f4 a5 10. a4 Nb4 11. Bf3 Qc7 12. O-O Be6 13. Nd4 Bc4 14. Rf2 Nd7 15. Rc1 Nc5 16. b3 Be6 17. Rd2 Rad8 18. Ncb5 Qb8 19. c3 Nc6 20. Rb1 Bd7 21. Ne2 Be6 22. Kh1 Nd7 23. Nbd4 Nc5 24. b4 axb4 25. cxb4 Nxd4 26. Nxd4 Bxd4 27. Bxd4 Nd7 28. a5 Rc8 29. b5 Nc5 30. g4 Qc7 31. f5 Bd7 32. b6 Qd8 33. Re2 Na6 34. Qd2 e5 35. Bc3 Bc6 36. Rd1 Qe7 37. Qxd6 Qxd6 38. Rxd6 Rfe8 39. Kg2 Nb8 40. Rdd2 Bb5 41. h4 Nc6 42. Rd5 Ba6 43. h5 Rcd8 44. Kg3 Bc4 45. Rc5 Ba6 46. Rd5 gxh5 47. g5 1-0